000 00351nam a2200133 i 4500
001 bg
100 1 _aZELIKOVSKIJ, I. Ch.
245 0 _aSpravocnik po teploobmennym apparatam malych cholodilnych masin /
_cI.Ch. Zelikovskij.
260 _aMoskva,
_c1973.
040 _cBPK
041 _apol
942 _cKS
008 s pl f |000 0 pol
999 _c16286
_d16286
856 _uhttp://koha.tu.koszalin.pl/cgi-bin/koha/opac-detail.pl?biblionumber=16286
_yKatalog online BPK